|
|
|
|
| LEADER |
01629nam a2200349 u 4500 |
| 001 |
10022654 |
| 003 |
upatras |
| 005 |
20250320134608.0 |
| 008 |
990123s1996 us eng |
| 020 |
|
|
|a 0030059380
|
| 040 |
|
|
|a GR-PaULI
|c GR-PaULI
|
| 041 |
0 |
|
|a eng
|
| 100 |
1 |
|
|a Skoog, Douglas A.
|9 479
|
| 245 |
1 |
0 |
|a Fundamentals of analytical chemistry
|c Douglas A. Skoog, Donald M. West, F. James Holler
|
| 250 |
|
|
|a 7th edition
|
| 260 |
|
|
|a Fort Worth
|b Saunders College Pub.
|c 1996
|
| 300 |
|
|
|a var. pag.
|b fig.
|c 27 cm.
|
| 490 |
1 |
|
|a Saunders golden sunburst series
|
| 504 |
|
|
|a Includes index
|
| 650 |
|
4 |
|a Χημεία, Αναλυτική
|9 520
|
| 700 |
1 |
|
|a West, Donald M.
|9 148110
|
| 700 |
1 |
|
|a Holler, James F.
|9 481
|
| 760 |
0 |
|
|a Saunders golden sunburst series
|
| 852 |
|
|
|a GR-PaULI
|b ΠΑΤΡΑ
|b ΒΚΠ
|b ΒΣ1
|k ΑΣΧΞ
|h 543 S
|m 044496
|p 025000057191
|t 1
|
| 852 |
|
|
|a GR-PaULI
|b ΠΑΤΡΑ
|b ΒΚΠ
|b ΒΣ1
|k ΑΣΧΞ
|h 543 S
|m 044495
|p 025000057192
|t 2
|
| 852 |
|
|
|a GR-PaULI
|b ΠΑΤΡΑ
|b ΧΗΜΙΚΟ
|k ΑΣΧΞ
|h 543 SKO
|m 047294
|p 025000061726
|t 3
|
| 942 |
|
|
|2 ddc
|c BK15
|
| 952 |
|
|
|0 0
|1 0
|4 0
|6 543_000000000000000_S
|7 0
|9 187484
|a LISP
|b LISP
|c BSC
|d 2016-04-24
|i 044496
|l 0
|o 543 S
|p 025000057191
|r 2016-04-24 00:00:00
|t 1
|w 2016-04-24
|y BK15
|
| 952 |
|
|
|0 0
|1 0
|4 0
|6 543_000000000000000_S
|7 0
|9 187485
|a LISP
|b LISP
|c BSC
|d 2016-04-24
|i 044495
|l 0
|o 543 S
|p 025000057192
|r 2016-04-24 00:00:00
|t 2
|w 2016-04-24
|y BK15
|
| 952 |
|
|
|0 0
|1 0
|4 0
|6 543_000000000000000_SKO
|7 0
|9 187486
|a CHEM
|b CHEM
|d 2016-04-24
|i 047294
|l 0
|o 543 SKO
|p 025000061726
|r 2016-04-24 00:00:00
|t 3
|w 2016-04-24
|y BK15
|
| 998 |
|
|
|c ΠΑΝΑΓΟΠΟΥΛΟΥ
|d 1999-06
|
| 999 |
|
|
|c 115627
|d 115627
|